[Event "47th IT Bosna 2017"]
[Site "Sarajevo"]
[Date "2017.05.19"]
[Round "9.39"]
[White "Janjic, Nikola"]
[Black "Nikolic, Nebojsa"]
[Result "0-1"]
[WhiteElo "1909"]
[BlackElo "2378"]
[PlyCount "90"]
[EventDate "2017.05.13"]

1. c4 g6 2. Nc3 Bg7 3. g3 Nf6 4. Bg2 O-O 5. e3 c6 6. d4 d5 7. cxd5 cxd5 8. Nge2
Nc6 9. O-O e6 10. b3 a6 11. Bb2 b5 12. Rc1 Bb7 13. Nf4 Qe7 14. Nd3 Nd7 15. Qd2
Rfc8 16. Ne2 Bf8 17. Rc2 b4 18. Rfc1 Rab8 19. Nc5 Nxc5 20. Rxc5 Qd8 21. R5c2
Qa5 22. Ba1 Na7 23. Rxc8 Rxc8 24. Rxc8 Bxc8 25. a4 Bd6 26. Qc2 Bd7 27. Bb2 h5
28. h4 Qd8 29. Nc1 g5 30. hxg5 Qxg5 31. Qe2 Bc8 32. Nd3 h4 33. gxh4 Qxh4 34. f4
Nc6 35. Bc1 Ne7 36. Bd2 a5 37. Be1 Qh7 38. Bf1 Nf5 39. Qg2+ Kf8 40. Qd2 Ba6 41.
Ne5 Bxf1 42. Kxf1 Bxe5 43. fxe5 Qh3+ 44. Ke2 Qg4+ 45. Kd3 Nxd4 0-1

[Event "47th IT Bosna 2017"]
[Site "Sarajevo"]
[Date "2017.05.19"]
[Round "9.40"]
[White "Sukovic, Andrej"]
[Black "Nestorovic, Katarina"]
[Result "1/2-1/2"]
[WhiteElo "2236"]
[BlackElo "1918"]
[PlyCount "60"]
[EventDate "2017.05.13"]

1. e4 c5 2. Nf3 e6 3. d4 cxd4 4. Nxd4 Nf6 5. Nc3 d6 6. g4 a6 7. h3 Nc6 8. Bg2
d5 9. O-O Bb4 10. exd5 Nxd5 11. Nxc6 bxc6 12. Ne4 O-O 13. c4 Nb6 14. Bf4 e5 15.
Qb3 exf4 16. Qxb4 f5 17. Rad1 Qc7 18. gxf5 Bxf5 19. Qd6 Qc8 20. Rd3 Nxc4 21.
Qc5 Be6 22. b3 Rf5 23. Qd4 Ne5 24. Nd6 Qd7 25. Nxf5 Nxd3 26. Qxd7 Bxd7 27. Ne7+
Kf7 28. Nxc6 Rc8 29. Rd1 Bxc6 30. Rxd3 Bb5 1/2-1/2

[Event "47th IT Bosna 2017"]
[Site "Sarajevo"]
[Date "2017.05.19"]
[Round "9.41"]
[White "Reinhard, Marcus"]
[Black "Vujicic, Dragisa"]
[Result "0-1"]
[WhiteElo "2168"]
[BlackElo "1914"]
[PlyCount "69"]
[EventDate "2017.05.13"]

1. d4 d5 2. e4 dxe4 3. Nc3 Nf6 4. Bg5 h6 5. Bxf6 exf6 6. Nxe4 Qe7 7. Qe2 f5 8.
Nc3 Qxe2+ 9. Ngxe2 Bb4 10. O-O-O O-O 11. a3 Be7 12. g3 Nd7 13. Nd5 Bd8 14. Ne3
Nf6 15. Bg2 Rb8 16. d5 g6 17. Nd4 Ne4 18. Rhf1 Bd7 19. Nc4 Bf6 20. f3 Nd6 21.
Nxd6 cxd6 22. Rfe1 Rfe8 23. c3 Ba4 24. Nc2 f4 25. gxf4 Bb3 26. Re4 Bh4 27. Bh1
Re7 28. Rb4 Bxc2 29. Kxc2 Re3 30. f5 g5 31. a4 g4 32. Rd3 Re1 33. Bg2 b6 34.
Rd2 Rbe8 35. Rc4 {Neèitak formular} 0-1

[Event "47th IT Bosna 2017"]
[Site "Sarajevo"]
[Date "2017.05.19"]
[Round "9.42"]
[White "Kozarcanin, Sead"]
[Black "Kuljanin, Filip"]
[Result "1/2-1/2"]
[WhiteElo "2016"]
[BlackElo "1895"]
[PlyCount "22"]
[EventDate "2017.05.13"]

1. e4 c5 2. d3 Nc6 3. g3 e6 4. Bg2 d5 5. Bd2 Nf6 6. Nf3 Be7 7. O-O O-O 8. Re1
dxe4 9. dxe4 h6 10. e5 Nd7 11. Nc3 b5 1/2-1/2

[Event "47th IT Bosna 2017"]
[Site "Sarajevo"]
[Date "2017.05.19"]
[Round "9.43"]
[White "Lakovic, Igor"]
[Black "Vujic, Milorad"]
[Result "1-0"]
[WhiteElo "2009"]
[BlackElo "1842"]
[PlyCount "110"]
[EventDate "2017.05.13"]

1. d4 e6 2. c4 Nf6 3. Nc3 Bb4 4. e3 Ne4 5. Qc2 f5 6. Bd3 d5 7. Nf3 c6 8. O-O
Nd7 9. Ne2 Ndf6 10. b3 O-O 11. Bb2 Bd6 12. Ne5 g6 13. f3 Ng5 14. a4 Qe7 15. a5
a6 16. Nf4 Kg7 17. Be2 Re8 18. g3 Nf7 19. Nfd3 Nd7 20. Nxf7 Kxf7 21. e4 Kg8 22.
e5 Bb4 23. Ra4 c5 24. cxd5 exd5 25. Nf4 b5 26. Nxd5 Qd8 27. Raa1 Bb7 28. Nxb4
cxb4 29. Rfd1 Bd5 30. Rdc1 Rc8 31. Qd3 Qe7 32. Bd1 Red8 33. Qe3 Nf8 34. Rxc8
Rxc8 35. Rc1 Rxc1 36. Qxc1 Qb7 37. Kf2 Ne6 38. Qd2 Qe7 39. Qc1 Qc7 40. Qxc7
Nxc7 41. Bc1 Ne6 42. Ke3 Nd8 43. Bd2 Nc6 44. h4 Kf7 45. g4 Ke6 46. Bc2 f4+ 47.
Kxf4 Nxd4 48. Bd1 Nc6 49. Bc2 Nxa5 50. Bxb4 Bxb3 51. Bf5+ gxf5 52. gxf5+ Kf7
53. Bxa5 Bc2 54. e6+ Kf6 55. Bc3+ Ke7 1-0

[Event "47th IT Bosna 2017"]
[Site "Sarajevo"]
[Date "2017.05.19"]
[Round "9.45"]
[White "Cabric, Izet"]
[Black "Haskovic, Salih"]
[Result "1-0"]
[WhiteElo "1895"]
[BlackElo "1967"]
[PlyCount "55"]
[EventDate "2017.05.13"]

1. e4 e5 2. Nf3 Nc6 3. Bb5 d6 4. c3 Bd7 5. O-O Nf6 6. Re1 Be7 7. d4 exd4 8.
cxd4 O-O 9. h3 a6 10. Ba4 h6 11. a3 Nh7 12. Nbd2 f5 13. exf5 Rxf5 14. Qb3+ Kh8
15. Qxb7 Na5 16. Qe4 Bxa4 17. Qxf5 Nb3 18. Nxb3 Bxb3 19. Nd2 Ba4 20. b3 Bd7 21.
Qd3 Bb5 22. Qc3 d5 23. Nf3 Bd6 24. Ne5 Qf6 25. f4 Nf8 26. Qf3 c5 27. Qxd5 Rd8
28. Nf7+ 1-0

[Event "47th IT Bosna 2017"]
[Site "Sarajevo"]
[Date "2017.05.19"]
[Round "9.46"]
[White "Pleh, Semir"]
[Black "Dedic, Nedzad"]
[Result "1-0"]
[WhiteElo "1678"]
[BlackElo "1940"]
[PlyCount "57"]
[EventDate "2017.05.13"]

1. c4 Nf6 2. Nf3 Nc6 3. g3 e6 4. Bg2 d5 5. O-O h6 6. b3 a5 7. d4 a4 8. Bb2 Ne4
9. Nfd2 a3 10. Bc1 f5 11. e3 Bb4 12. Qh5+ Kf8 13. Nxe4 dxe4 14. Bd2 Qf6 15. Nc3
Bd7 16. f3 g6 17. Qh3 exf3 18. Bxf3 Nxd4 19. Bxb7 Rb8 20. Qg2 Nc6 21. Ne4 Qe5
22. Bxb4+ Nxb4 23. Rad1 Ke7 24. Nf2 c6 25. e4 Rxb7 26. exf5 gxf5 27. Nh3 Qe3+
28. Rf2 c5 29. Qxb7 1-0

[Event "47th IT Bosna 2017"]
[Site "Sarajevo"]
[Date "2017.05.19"]
[Round "9.48"]
[White "Strinic, Hamdija"]
[Black "Zenelaj, Fisnik"]
[Result "1/2-1/2"]
[WhiteElo "1749"]
[BlackElo "1919"]
[PlyCount "108"]
[EventDate "2017.05.13"]

1. c4 e5 2. d3 Nf6 3. g3 Bc5 4. Bg2 O-O 5. Nh3 h6 6. O-O c6 7. Kh1 d5 8. f4
exf4 9. Bxf4 Bg4 10. Nc3 dxc4 11. dxc4 Nbd7 12. Qc1 Kh7 13. Qc2+ Kg8 14. Rad1
Qc8 15. Nf2 Bxf2 16. Rxf2 Re8 17. Rdf1 Bh5 18. Bh3 Bg4 19. Bg2 Bh5 20. Bd6 Bg6
21. e4 Ng4 22. Rf3 Nde5 23. Bxe5 Nxe5 24. Rf4 Nxc4 25. Qf2 Ne5 26. Qe2 Qe6 27.
h4 h5 28. Kh2 Rad8 29. Bh3 Qc4 30. Qxc4 Nxc4 31. Bf5 Ne3 32. R1f3 Rd2+ 33. Kg1
Bxf5 34. Rxe3 Bg4 35. Rf2 Red8 36. b3 Rxf2 37. Kxf2 Rd2+ 38. Ke1 Rd4 39. Kf2 b5
40. Re1 Rd2+ 41. Ke3 Rg2 42. Kf4 Rc2 43. Re3 f6 44. e5 fxe5+ 45. Kxe5 b4 46.
Ne4 Rxa2 47. Kd6 Rc2 48. Ng5 Kf8 49. Re4 c5 50. Rf4+ Kg8 51. Rf7 Ra2 52. Rb7 g6
53. Rb8+ Kg7 54. Rb7+ Kg8 1/2-1/2

[Event "47th IT Bosna 2017"]
[Site "Sarajevo"]
[Date "2017.05.19"]
[Round "9.49"]
[White "Colpa, Husein"]
[Black "Markovic, Rade A"]
[Result "0-1"]
[WhiteElo "1904"]
[BlackElo "1749"]
[PlyCount "102"]
[EventDate "2017.05.13"]

1. e4 e5 2. Nf3 Nc6 3. Nc3 Nf6 4. Bb5 Bc5 5. O-O O-O 6. d3 d6 7. h3 h6 8. a3 a5
9. Be3 Bxe3 10. fxe3 Ne7 11. d4 exd4 12. exd4 Ng6 13. Qd2 c6 14. Bd3 Re8 15.
Rae1 Be6 16. Nd1 Qc7 17. c4 Re7 18. Nc3 Rae8 19. e5 dxe5 20. Bxg6 fxg6 21. Nxe5
Bf7 22. b4 axb4 23. axb4 Kh7 24. Nxf7 Rxf7 25. Rxe8 Nxe8 26. Rxf7 Qxf7 27. d5
cxd5 28. Nxd5 Nd6 29. Qd4 Qe6 30. Ne3 Nf5 31. Nxf5 gxf5 32. Kf2 g5 33. g4 f4
34. Kf3 Kg8 35. b5 Kf7 36. Qc5 b6 37. Qd4 Ke7 38. Qd3 Qd6 39. Qh7+ Kd8 40. Qf5
Qa3+ 41. Ke2 Qb2+ 42. Kd3 Qb3+ 43. Kd2 Qe3+ 44. Kc2 f3 45. Qf6+ Kd7 46. Qc6+
Ke7 47. Qxh6 f2 48. Qg7+ Ke6 49. Qg6+ Ke5 50. Qf5+ Kd6 51. Qf8+ Kd7 0-1

[Event "47th IT Bosna 2017"]
[Site "Sarajevo"]
[Date "2017.05.19"]
[Round "9.50"]
[White "Gaspar, Zdravko"]
[Black "Colpa, Fahrudin"]
[Result "0-1"]
[WhiteElo "1689"]
[BlackElo "1882"]
[PlyCount "48"]
[EventDate "2017.05.13"]

1. d4 Nf6 2. Nf3 e6 3. e3 c5 4. c3 Nc6 5. Bd3 d5 6. Nbd2 Bd6 7. O-O e5 8. e4 c4
9. Bc2 exd4 10. cxd4 dxe4 11. Nxe4 Bg4 12. Nxd6+ Qxd6 13. Re1+ Be6 14. Ng5
O-O-O 15. Nxe6 fxe6 16. Qe2 Nxd4 17. Qxc4+ Kb8 18. Bb3 Ng4 19. f4 Rc8 20. Qf1
Nxb3 21. axb3 Qb6+ 22. Be3 Nxe3 23. Qf2 Nc2 24. Rxe6 Qxf2+ 0-1

[Event "47th IT Bosna 2017"]
[Site "Sarajevo"]
[Date "2017.05.19"]
[Round "9.51"]
[White "Erece, Ece Alkim"]
[Black "Lapo, Safet"]
[Result "1-0"]
[WhiteElo "1686"]
[BlackElo "1844"]
[PlyCount "51"]
[EventDate "2017.05.13"]

1. e4 d5 2. exd5 Qxd5 3. Nc3 Qa5 4. d4 Nf6 5. Bc4 Bf5 6. Bd2 Qb6 7. Nf3 e6 8.
Qe2 c6 9. O-O-O Be7 10. Rhe1 O-O 11. h3 h6 12. g4 Bh7 13. Bxe6 Bd6 14. Bf5 Nbd7
15. Bxh7+ Nxh7 16. Rg1 Qc7 17. g5 Rae8 18. Qd3 hxg5 19. Nxg5 Ndf6 20. Qf3 Nxg5
21. Bxg5 Nh7 22. Bh6 g6 23. Ne4 Rxe4 24. Bxf8 Bf4+ 25. Kb1 Nf6 26. Bc5 1-0

[Event "47th IT Bosna 2017"]
[Site "Sarajevo"]
[Date "2017.05.19"]
[Round "9.52"]
[White "Krug, Franz-Dieter"]
[Black "Gligorevic, Milorad"]
[Result "1-0"]
[WhiteElo "1605"]
[BlackElo "1823"]
[PlyCount "36"]
[EventDate "2017.05.13"]

1. d4 Nf6 2. c4 e5 3. d5 Bc5 4. Nc3 d6 5. Qc2 c6 6. e4 Ng4 7. Nh3 Na6 8. Bg5
Qb6 9. Bh4 Nb4 10. Qd2 cxd5 11. exd5 Bf5 12. Rc1 e4 13. Qg5 O-O 14. Qxf5 Nh6
15. Qf4 Rfe8 16. Be2 Nd3+ 17. Bxd3 exd3+ 18. Kd2 Qxb2+ {Neèitak formular} 1-0

[Event "47th IT Bosna 2017"]
[Site "Sarajevo"]
[Date "2017.05.19"]
[Round "9.53"]
[White "Lakusic, Zoran"]
[Black "Fejzic, Danis"]
[Result "1-0"]
[WhiteElo "1775"]
[BlackElo "1439"]
[PlyCount "49"]
[EventDate "2017.05.13"]

1. Nf3 Nf6 2. c4 g6 3. Nc3 Bg7 4. d4 O-O 5. e4 d6 6. Be2 c5 7. d5 Bd7 8. O-O
Na6 9. Bd2 Nc7 10. Nh4 h6 11. Nf3 a6 12. Rb1 b5 13. Qc1 Kh7 14. Qc2 b4 15. Nd1
Rb8 16. h3 Nxe4 17. Bd3 Nxd2 18. Nxd2 Qc8 19. a4 Bf5 20. Ne4 Ne8 21. Ne3 Bxe4
22. Bxe4 Nf6 23. Bd3 Kg8 24. Rbe1 Re8 25. Bxg6 {Neèitak formular} 1-0

[Event "47th IT Bosna 2017"]
[Site "Sarajevo"]
[Date "2017.05.19"]
[Round "9.55"]
[White "Tomic, Jelena"]
[Black "Babic, Masa"]
[Result "1-0"]
[WhiteElo "1751"]
[BlackElo "1653"]
[PlyCount "39"]
[EventDate "2017.05.13"]

1. e4 e5 2. Nf3 Nc6 3. Bb5 Nf6 4. O-O d6 5. c3 Bd7 6. Re1 Be7 7. d4 exd4 8.
cxd4 O-O 9. h3 Re8 10. Nc3 Bf8 11. a3 h6 12. Bd3 a6 13. Bc2 b6 14. Qd3 g6 15.
Bb3 a5 16. e5 dxe5 17. dxe5 Nh7 18. Qxg6+ Kh8 19. Bxf7 Re7 20. Qg8# 1-0

[Event "47th IT Bosna 2017"]
[Site "Sarajevo"]
[Date "2017.05.19"]
[Round "9.56"]
[White "Zaloznik, Vesna"]
[Black "Bajic, Salko"]
[Result "1/2-1/2"]
[WhiteElo "1504"]
[BlackElo "1732"]
[PlyCount "82"]
[EventDate "2017.05.13"]

1. e4 e5 2. Nf3 Nc6 3. Bc4 Bc5 4. c3 h6 5. d4 exd4 6. cxd4 Be7 7. Qb3 Bb4+ 8.
Nc3 Qe7 9. O-O Bxc3 10. bxc3 Na5 11. Qa4 Nxc4 12. Qxc4 c6 13. e5 Qe6 14. Qd3
Ne7 15. c4 O-O 16. Ba3 Re8 17. Nd2 b6 18. f4 Qf5 19. Ne4 Kh8 20. Qe3 Qg6 21.
Bxe7 Rxe7 22. f5 Qh7 23. f6 Re8 24. fxg7+ Qxg7 25. Rf6 Re6 26. Raf1 Ba6 27.
Rxf7 Qg6 28. R1f6 Qh5 29. h3 Bxc4 30. Ng3 Qg5 31. Qe4 Qg8 32. Qf4 Qg5 33. Rf8+
Rxf8 34. Rxf8+ Kh7 35. Rf7+ Kg8 36. Rf8+ Kh7 37. Qf7+ Qg7 38. Qf5+ Qg6 39. Rf7+
Kg8 40. Rf8+ Kh7 41. Rf7+ Kg8 1/2-1/2

[Event "47th IT Bosna 2017"]
[Site "Sarajevo"]
[Date "2017.05.19"]
[Round "9.59"]
[White "Peric, Pero"]
[Black "Babic, Milana"]
[Result "1/2-1/2"]
[WhiteElo "1678"]
[BlackElo "1520"]
[PlyCount "31"]
[EventDate "2017.05.13"]

1. e4 c5 2. Bc4 e6 3. Nc3 Nc6 4. a3 g6 5. Nf3 Bg7 6. d3 Nge7 7. Bd2 O-O 8. O-O
d5 9. exd5 exd5 10. Ba2 Bg4 11. h3 Bxf3 12. Qxf3 Ne5 13. Qd1 Qd7 14. Rb1 a5 15.
Bg5 f6 16. Bh4 {Neèitak formular} 1/2-1/2

[Event "47th IT Bosna 2017"]
[Site "Sarajevo"]
[Date "2017.05.19"]
[Round "9.61"]
[White "Zaloznik S., Gal"]
[Black "Rakita, Jandrija"]
[Result "0-1"]
[WhiteElo "1015"]
[BlackElo "1680"]
[PlyCount "54"]
[EventDate "2017.05.13"]

1. e4 e5 2. Nf3 d6 3. c3 Bg4 4. Bc4 Qf6 5. d4 Bxf3 6. Qxf3 Qxf3 7. gxf3 h6 8.
f4 exd4 9. cxd4 Nd7 10. Nc3 c6 11. Be3 b5 12. Nxb5 cxb5 13. Bxb5 Be7 14. Rc1
Bd8 15. Rg1 g6 16. b3 Bb6 17. d5 Ngf6 18. Rc4 O-O 19. a4 Bxe3 20. fxe3 Rfe8 21.
Bc6 Rac8 22. Ke2 Re7 23. Kf3 Nc5 24. Rd1 Nfxe4 25. Rdd4 Nxb3 26. Rxe4 Rxe4 27.
Rxe4 Nd2+ 0-1